Találkozás a Felszabadulás Tsz gazdáival
Elmentve itt :
| Dokumentumtípus: | Cikk |
|---|---|
| Megjelent: |
1964-04-15
|
| Sorozat: | Délmagyarország
54 No. 87 |
| Kulcsszavak: | József Attila Tudományegyetem, Politikusi látogatás Szeged 1964, Termelőszövetkezet Szeged 1964, hazai politikusok látogatásai |
| Online Access: | http://dmarchiv.bibl.u-szeged.hu/71218 |
| LEADER | 00533nab a2200145 i 4500 | ||
|---|---|---|---|
| 001 | delm71218 | ||
| 005 | 20180928082421.0 | ||
| 008 | 180928s1964 hu o 0|| hun d | ||
| 040 | |a SZTE Délmagyarország Archívum |b hun | ||
| 041 | |a hun | ||
| 245 | 0 | 0 | |a Találkozás a Felszabadulás Tsz gazdáival |h [elektronikus dokumentum] |
| 260 | |c 1964-04-15 | ||
| 300 | |a 1 | ||
| 490 | 0 | |a Délmagyarország |v 54 No. 87 | |
| 695 | |a József Attila Tudományegyetem, Politikusi látogatás Szeged 1964, Termelőszövetkezet Szeged 1964, hazai politikusok látogatásai | ||